| 000 | 00335nam a22001337a 4500 | ||
|---|---|---|---|
| 008 | 250218b |||||||| |||| 00| 0 eng d | ||
| 020 | _a+8120727029 | ||
| 050 |
_aHD33.25 _b.G46 |
||
| 100 | _aGHOSH, Bishwanath | ||
| 245 | _aStrategic Management | ||
| 260 |
_aNew Delhi _bSterling Publishers _c2004 |
||
| 300 | _aviii, 423p. | ||
| 942 | _cBK | ||
| 999 |
_c1963 _d1963 |
||